[Event "DEM U10/U10w 2010"]
[Site "Oberhof GER"]
[Date "2010.05.29"]
[Round "11"]
[White "Greßmann, Moritz"]
[Black "Gungl, Theo"]
[Result "0-1"]
[Termination "normal"]
[Board "6"]
[WhiteElo "1600"]
[BlackElo "1682"]
[PlyCount "144"]
[WhiteFideId "24695084"]
[BlackFideId "24695653"]
[EventCountry "GER"]
[EventRounds "11"]
[EventType "swiss"]
[EventDate "2010.05.22"]

1. e4 c6 2. d4 d5 3. e5 c5 4. dxc5 Nc6 5. Nf3 Bg4 6. Bb5 e6 7. Be3 Nge7 8. h3
Bxf3 9. Qxf3 Ng6 10. Bd4 Be7 11. O-O O-O 12. Bxc6 bxc6 13. c3 Qb8 14. Qe2 Nf4
15. Qd2 Bg5 16. Qc2 Ng6 17. Re1 a5 18. a4 Ra7 19. Nd2 Rb7 20. Rab1 Bxd2 21.
Qxd2 Rb3 22. c4 Rd8 23. Qxa5 dxc4 24. Rbd1 Rd3 25. Rxd3 cxd3 26. Qc3 Rd5 27.
Qxd3 Qd8 28. Rd1 Nf4 29. Qe4 Rxd4 30. Rxd4 Qxd4 31. Qxd4 Ne2+ 32. Kf1 Nxd4 33.
b4 Kf8 34. f4 Ke8 35. g4 Kd7 36. Kf2 Kc7 37. h4 g6 38. h5 gxh5 39. g5 Kb7 40.
Kg3 Nf5+ 41. Kh3 Ka6 42. Kh2 h6 43. gxh6 Nxh6 44. Kh3 Nf5 45. Kh2 Kb7 46. Kh3
Kc7 47. Kh2 Kd7 48. Kh3 Ke7 49. Kh2 f6 50. b5 cxb5 51. axb5 Nd4 52. b6 Nc6 53.
b7 fxe5 54. fxe5 Kd7 55. Kh3 Kc7 56. Kh4 Kxb7 57. Kxh5 Nxe5 58. Kg5 Kc6 59. Kf6
Kd5 60. Ke7 Nc6+ 61. Kf6 e5 62. Kf5 Kxc5 63. Ke4 Kd6 64. Ke3 Kd5 65. Kd3 e4+
66. Ke3 Ne5 67. Ke2 Kd4 68. Kd2 Nc4+ 69. Ke2 e3 70. Ke1 Kd3 71. Kd1 e2+ 72. Ke1
Ne5 0-1

[Event "DEM U10/U10w 2010"]
[Site "Oberhof GER"]
[Date "2010.05.29"]
[Round "11"]
[White "Sieber, Fiona"]
[Black "Spitzl, Vinzent"]
[Result "1-0"]
[Termination "normal"]
[Board "7"]
[WhiteElo "1605"]
[BlackElo "1711"]
[PlyCount "87"]
[WhiteFideId "12902373"]
[BlackFideId "12901253"]
[EventCountry "GER"]
[EventRounds "11"]
[EventType "swiss"]
[EventDate "2010.05.22"]

1. e4 e5 2. Nf3 Nc6 3. Bc4 Bc5 4. b4 Bxb4 5. c3 Ba5 6. d4 exd4 7. O-O Nge7 8.
Ng5 O-O 9. Qh5 h6 10. Nxf7 Rxf7 11. Qxf7+ Kh8 12. cxd4 Qg8 13. Qxg8+ Nxg8 14.
Bb2 d6 15. Na3 Bg4 16. h3 Bh5 17. f4 Bb6 18. Nc2 Re8 19. Rae1 Ba5 20. Re3 Bd2
21. Rd3 Be2 22. Rxd2 Bxc4 23. Re1 Bxa2 24. d5 Nce7 25. Nb4 Bb3 26. Rd3 a5 27.
Rxb3 axb4 28. Kf1 Ng6 29. g3 Nf6 30. Rxb4 Nh5 31. Kf2 b6 32. Rc4 Re7 33. Kf3
Rf7 34. Rec1 Ngxf4 35. gxf4 Nxf4 36. Kg4 h5+ 37. Kh4 Nd3 38. Rxc7 Rxc7 39. Rxc7
Nxb2 40. Rc6 b5 41. Rxd6 Nd3 42. Kxh5 Kh7 43. Rb6 b4 44. d6 1-0

[Event "DEM U10/U10w 2010"]
[Site "Oberhof GER"]
[Date "2010.05.29"]
[Round "11"]
[White "Wächter, Nathalie"]
[Black "Krüger, David"]
[Result "0-1"]
[Termination "normal"]
[Board "8"]
[WhiteElo "1385"]
[BlackElo "1394"]
[PlyCount "148"]
[WhiteFideId "12921033"]
[BlackFideId "12921858"]
[EventCountry "GER"]
[EventRounds "11"]
[EventType "swiss"]
[EventDate "2010.05.22"]

1. e4 e5 2. Nf3 Nc6 3. Bc4 Nf6 4. d3 Bc5 5. c3 d6 6. O-O a6 7. Bb3 Ba7 8. Nbd2
O-O 9. Re1 Ng4 10. Re2 Na5 11. Bc2 f5 12. d4 fxe4 13. Nxe4 d5 14. Ng3 e4 15.
Nd2 Nxh2 16. Kxh2 Qh4+ 17. Kg1 Bg4 18. Qe1 Bxe2 19. Qxe2 Kh8 20. Ndf1 c5 21.
dxc5 Bxc5 22. Be3 Bxe3 23. Qxe3 Nc4 24. Qd4 Rad8 25. b3 Na3 26. Bd1 Nb5 27. Qd2
Qf6 28. Rc1 Na7 29. f3 Qg6 30. Bc2 Qb6+ 31. Qf2 Qxf2+ 32. Kxf2 exf3 33. gxf3
Nb5 34. Bb1 Rc8 35. Ne2 Rf7 36. Ne3 Rcf8 37. f4 Nc7 38. Kg3 Re8 39. Kf3 Rfe7
40. Nxd5 Nxd5 41. Nd4 Re3+ 42. Kg4 Rxc3 43. Rh1 Nf6+ 44. Kg5 Rc5+ 45. Nf5 Ne4+
46. Bxe4 Rxe4 47. Rd1 h6+ 48. Kg4 Rc7 49. a3 g6 50. Nxh6 Kh7 51. Rh1 Kg7 52.
Kf3 Rd4 53. Ke3 Rd8 54. f5 Rh8 55. f6+ Kf8 56. Rh2 Rch7 57. Rd2 Rxh6 58. Rd8+
Kf7 59. Rd7+ Kxf6 60. Rxb7 Re8+ 61. Kd4 g5 62. b4 Rh3 63. a4 g4 64. a5 g3 65.
Kc4 g2 66. b5 axb5+ 67. Kxb5 Rb3+ 68. Kc6 Re6+ 69. Kc7 g1=Q 70. a6 Qc5+ 71. Kd8
Rd3+ 72. Rd7 Rc6 73. Rxd3 Rc8+ 74. Kd7 Qc6# 0-1

[Event "DEM U10/U10w 2010"]
[Site "Oberhof GER"]
[Date "2010.05.29"]
[Round "11"]
[White "Nguyen, Huy Dat"]
[Black "Poghosyan, Tigran"]
[Result "0-1"]
[Termination "normal"]
[Board "9"]
[WhiteElo "1363"]
[BlackElo "1387"]
[PlyCount "46"]
[WhiteFideId "12923486"]
[BlackFideId "12909319"]
[EventCountry "GER"]
[EventRounds "11"]
[EventType "swiss"]
[EventDate "2010.05.22"]

1. e4 c5 2. Nf3 d6 3. Bb5+ Nd7 4. O-O a6 5. Bxd7+ Bxd7 6. d4 cxd4 7. Nxd4 Nf6
8. Nc3 e6 9. Bg5 Be7 10. f4 h6 11. Bh4 Qc7 12. Qe2 Qb6 13. Qe3 Ng4 14. Qg3
Qxd4+ 15. Kh1 Bxh4 16. Qxg4 Bf6 17. Rad1 Qb6 18. Qh5 g6 19. Qf3 Qxb2 20. e5 Bc6
21. Qe3 dxe5 22. fxe5 Bg5 23. Qf2 O-O 0-1

[Event "DEM U10/U10w 2010"]
[Site "Oberhof GER"]
[Date "2010.05.29"]
[Round "11"]
[White "Rockmann, Jan-Okke"]
[Black "Baberz, Alexander"]
[Result "0-1"]
[Termination "normal"]
[Board "10"]
[WhiteElo "1013"]
[BlackElo "1567"]
[PlyCount "88"]
[WhiteFideId "12942111"]
[BlackFideId "12921734"]
[EventCountry "GER"]
[EventRounds "11"]
[EventType "swiss"]
[EventDate "2010.05.22"]

1. d4 d5 2. c4 c6 3. Nc3 Nf6 4. Nf3 e6 5. Bg5 Be7 6. e3 O-O 7. Be2 h6 8. Bh4
Nbd7 9. O-O dxc4 10. Bxc4 b5 11. Bd3 Bb7 12. a4 a6 13. Bc2 Re8 14. Qd3 Nf8 15.
Ne5 b4 16. Ne2 Nd5 17. Bg3 Rc8 18. e4 Nf6 19. Nf4 c5 20. f3 Qxd4+ 21. Qxd4 cxd4
22. Bd3 N8d7 23. Nc4 e5 24. Ne2 Rc5 25. f4 Bxe4 26. Bxe4 Nxe4 27. Nxe5 Nxe5 28.
fxe5 Nxg3 29. hxg3 Rxe5 30. Nxd4 Bc5 31. Rad1 Rd5 32. Rf4 Red8 33. Kh2 Rxd4 34.
Rdxd4 Rxd4 35. Rf3 f6 36. Rf5 Bb6 37. Kh3 Kf7 38. g4 Rd3+ 39. Kh4 g5+ 40. Kh5
Rd1 41. Rf3 Rh1+ 42. Rh3 Rxh3+ 43. gxh3 Ke6 44. Kxh6 Kd5 0-1

[Event "DEM U10/U10w 2010"]
[Site "Oberhof GER"]
[Date "2010.05.29"]
[Round "11"]
[White "Pallas, Sebastian"]
[Black "Burg, Niclas"]
[Result "1-0"]
[Termination "normal"]
[Board "11"]
[WhiteElo "1560"]
[BlackElo "1467"]
[PlyCount "99"]
[WhiteFideId "12905453"]
[BlackFideId "1271968"]
[EventCountry "GER"]
[EventRounds "11"]
[EventType "swiss"]
[EventDate "2010.05.22"]

1. e4 c5 2. Nf3 Nc6 3. d4 cxd4 4. Nxd4 Nf6 5. Nc3 e5 6. Ndb5 d6 7. Bg5 a6 8.
Na3 b5 9. Nd5 Be7 10. Bxf6 Bxf6 11. c3 Bg5 12. Nc2 f5 13. exf5 Bxf5 14. Nce3
Bg6 15. Bd3 Bf7 16. O-O Bxe3 17. Nxe3 O-O 18. Be4 Rc8 19. Bd5 Bxd5 20. Qxd5+
Kh8 21. Rad1 Rf6 22. Rd2 Rc7 23. Rfd1 Qe8 24. Qe4 Rf4 25. Qb1 Qf8 26. Nd5 Rd7
27. Nxf4 exf4 28. Qe4 Ne5 29. Qxe5 dxe5 30. Rxd7 h6 31. Rd8 Qxd8 32. Rxd8+ Kh7
33. Ra8 e4 34. Rxa6 e3 35. fxe3 fxe3 36. Rb6 e2 37. Kf2 e1=Q+ 38. Kxe1 b4 39.
Rxb4 g5 40. a4 g4 41. a5 g3 42. hxg3 h5 43. a6 h4 44. gxh4 Kg7 45. a7 Kf7 46.
a8=Q Ke7 47. Qc6 Kd8 48. Qb7 Ke8 49. Qh7 Kd8 50. Rb8# 1-0

[Event "DEM U10/U10w 2010"]
[Site "Oberhof GER"]
[Date "2010.05.29"]
[Round "11"]
[White "Riedel, Matthias"]
[Black "Mätzkow, Maximilian Paul"]
[Result "1-0"]
[Termination "normal"]
[Board "12"]
[WhiteElo "1366"]
[BlackElo "1470"]
[PlyCount "95"]
[WhiteFideId "1271820"]
[BlackFideId "24679933"]
[EventCountry "GER"]
[EventRounds "11"]
[EventType "swiss"]
[EventDate "2010.05.22"]

1. d4 f5 2. Nc3 e6 3. Nf3 Nf6 4. Bg5 Bb4 5. Bxf6 Bxc3+ 6. bxc3 Qxf6 7. e3 O-O
8. Be2 b6 9. O-O Bb7 10. c4 d6 11. Rb1 Nd7 12. c3 g5 13. Nd2 g4 14. f3 h5 15.
fxg4 Qg5 16. Bf3 Bxf3 17. Qxf3 fxg4 18. Qe2 Rxf1+ 19. Rxf1 Rf8 20. Rxf8+ Nxf8
21. Nf1 e5 22. g3 Ng6 23. Nd2 a5 24. Ne4 Qf5 25. Nf2 e4 26. Qc2 Kf7 27. Qxe4
Qxe4 28. Nxe4 Ke6 29. Kf2 d5 30. cxd5+ Kxd5 31. Nf6+ Kc4 32. Ke2 Kxc3 33. Nd5+
Kb2 34. Nxc7 Kxa2 35. Nd5 a4 36. Nxb6 a3 37. Nc4 Kb3 38. Nxa3 Kxa3 39. Kd3 Kb4
40. Ke4 Ne7 41. Ke5 Kc4 42. Ke6 Nd5 43. e4 Ne3 44. d5 Nf1 45. d6 Nxg3 46. hxg3
h4 47. d7 hxg3 48. d8=Q 1-0

[Event "DEM U10/U10w 2010"]
[Site "Oberhof GER"]
[Date "2010.05.29"]
[Round "11"]
[White "Schmidek, Emil"]
[Black "Reimers, Kim"]
[Result "0-1"]
[Termination "time forfeit"]
[Board "13"]
[WhiteElo "1740"]
[BlackElo "1192"]
[PlyCount "129"]
[WhiteFideId "12908150"]
[BlackFideId "12930377"]
[EventCountry "GER"]
[EventRounds "11"]
[EventType "swiss"]
[EventDate "2010.05.22"]

1. d4 d5 2. c4 e6 3. Nc3 Nf6 4. Bg5 c6 5. e3 Qa5 6. Bxf6 gxf6 7. cxd5 cxd5 8.
Qc2 Bb4 9. Rc1 Qxa2 10. Bd3 Nc6 11. Nf3 Qa5 12. O-O h6 13. e4 Bxc3 14. bxc3 Rg8
15. Nd2 dxe4 16. Nxe4 Qd8 17. Qd2 f5 18. Ng3 Qg5 19. Qxg5 hxg5 20. Rfe1 Ne7 21.
Rc2 a5 22. Ra1 Nd5 23. Bc4 Nc7 24. Rca2 b6 25. Rb2 Rb8 26. Rab1 Na8 27. Rb5 Ba6
28. Rc5 Ke7 29. Nxf5+ Kf6 30. Nh6 Rgf8 31. Ng4+ Ke7 32. Rc6 Bb7 33. Ne5 Rbe8
34. Ng6+ fxg6 35. Rxe6+ Kd7 36. Rxg6 Be4 37. Rg7+ Kd8 38. Re1 Rf5 39. g4 Rf4
40. Rxg5 Ref8 41. Re2 Bf3 42. Rb2 Rxg4+ 43. Rxg4 Bxg4 44. Bd5 Nc7 45. Rxb6 Nxd5
46. Rd6+ Bd7 47. Rxd5 a4 48. Ra5 Rf3 49. Kf1 Rxc3 50. Ke1 Rh3 51. Kd2 Rxh2 52.
Kc3 Rxf2 53. Ra6 Rf3+ 54. Kb2 Rd3 55. Rb6 Rxd4 56. Ka2 Kc7 57. Rb2 Be6+ 58. Ka1
Kc6 59. Rc2+ Kb5 60. Rb2+ Kc4 61. Rc2+ Kb3 62. Rc1 Bf5 63. Rf1 Rd2 64. Rf3+ Bd3
65. Rf2 0-1

[Event "DEM U10/U10w 2010"]
[Site "Oberhof GER"]
[Date "2010.05.29"]
[Round "11"]
[White "Renger, Niklas"]
[Black "Höglauer, Patrick"]
[Result "0-1"]
[Termination "normal"]
[Board "14"]
[WhiteElo "1320"]
[BlackElo "1768"]
[PlyCount "102"]
[WhiteFideId "12908096"]
[BlackFideId "1270548"]
[EventCountry "GER"]
[EventRounds "11"]
[EventType "swiss"]
[EventDate "2010.05.22"]

1. e4 d6 2. d4 Nf6 3. Nc3 g6 4. Be3 c6 5. Qd2 b5 6. f3 Nbd7 7. O-O-O Qa5 8. Kb1
b4 9. Nce2 Nb6 10. Nc1 Ba6 11. Bxa6 Qxa6 12. e5 Nfd5 13. Bf2 O-O-O 14. exd6
exd6 15. Nge2 Bg7 16. Qd3 Qa4 17. c3 Bh6 18. Rhe1 Rhe8 19. g3 Be3 20. Rf1 Bxf2
21. Rxf2 Re3 22. Qc2 Qb5 23. Rd3 Rde8 24. b3 Rxd3 25. c4 Rc3 26. Nxc3 Nxc3+ 27.
Qxc3 bxc3 28. cxb5 cxb5 29. Rc2 b4 30. a3 a5 31. Ne2 Nd5 32. axb4 axb4 33. Ra2
Kb7 34. Nc1 Kb6 35. Kc2 Nc7 36. Ra4 Na6 37. Kd3 d5 38. Ne2 g5 39. h3 f5 40. f4
h6 41. fxg5 hxg5 42. h4 gxh4 43. gxh4 Re4 44. h5 Rh4 45. Ng1 Rxh5 46. Nf3 Rh3
47. Ke3 Kb5 48. Kf4 Nc7 49. Ne5 Ne6+ 50. Kxf5 Nxd4+ 51. Kf4 c2 0-1

[Event "DEM U10/U10w 2010"]
[Site "Oberhof GER"]
[Date "2010.05.29"]
[Round "11"]
[White "Peter, Anton"]
[Black "Reuker, Jari"]
[Result "1-0"]
[Termination "normal"]
[Board "15"]
[WhiteElo "1499"]
[BlackElo "1237"]
[PlyCount "125"]
[WhiteFideId "12901660"]
[BlackFideId "12909300"]
[EventCountry "GER"]
[EventRounds "11"]
[EventType "swiss"]
[EventDate "2010.05.22"]

1. d4 Nf6 2. c4 e6 3. Nf3 b6 4. Nc3 Bb4 5. Bg5 Bb7 6. Qb3 c5 7. a3 Bxc3+ 8.
Qxc3 h6 9. Bf4 d6 10. dxc5 dxc5 11. Rd1 Nbd7 12. Bd6 Rg8 13. g3 Ne4 14. Qd3
Nxd6 15. Qxd6 Rc8 16. Bg2 Qc7 17. O-O Qxd6 18. Rxd6 Ke7 19. Rfd1 Rc7 20. Ne1
Ne5 21. b3 Bxg2 22. Kxg2 Nc6 23. Nc2 e5 24. e3 Nd4 25. Nxd4 exd4 26. Rd5 dxe3
27. Re5+ Kf6 28. Rxe3 Re7 29. Rd6+ Re6 30. Rexe6+ fxe6 31. Rd7 a6 32. Rb7 b5
33. cxb5 axb5 34. Rxb5 Rc8 35. Kf3 Kf5 36. b4 e5 37. Rxc5 Rxc5 38. bxc5 e4+ 39.
Ke3 Ke5 40. c6 Kd6 41. c7 Kxc7 42. Kxe4 Kc6 43. Kf5 Kb5 44. Kg6 Ka4 45. Kxg7 h5
46. f4 Kxa3 47. f5 Kb4 48. f6 Kc5 49. f7 Kd5 50. f8=Q Ke5 51. Qe8+ Kd4 52. Qxh5
Ke4 53. Qf7 Ke5 54. h4 Ke4 55. h5 Ke5 56. h6 Ke4 57. h7 Ke5 58. h8=Q Ke4 59.
Qhe8+ Kd4 60. Qfd7+ Kc5 61. Qec8+ Kb6 62. Qdb7+ Ka5 63. Qca8# 1-0

[Event "DEM U10/U10w 2010"]
[Site "Oberhof GER"]
[Date "2010.05.29"]
[Round "11"]
[White "Savchenko, Daniel"]
[Black "Kitze, Alexander"]
[Result "0-1"]
[Termination "normal"]
[Board "16"]
[WhiteElo "1237"]
[BlackElo "1323"]
[PlyCount "119"]
[WhiteFideId "12919195"]
[BlackFideId "12914827"]
[EventCountry "GER"]
[EventRounds "11"]
[EventType "swiss"]
[EventDate "2010.05.22"]

1. e4 c5 2. Nf3 d6 3. d4 cxd4 4. Nxd4 Nf6 5. Nc3 g6 6. Be2 Bg7 7. O-O O-O 8.
Be3 Nc6 9. Kh1 Bd7 10. f4 Rc8 11. f5 Ne5 12. g4 Nc4 13. Bc1 Qb6 14. Nb3 Ne3 15.
Bxe3 Qxe3 16. Rf3 Qb6 17. Rh3 Rxc3 18. Rxc3 Nxe4 19. Rf3 Nf2+ 20. Rxf2 Qxf2 21.
Nd2 gxf5 22. gxf5 Bxf5 23. c3 Be5 24. Qg1+ Qxg1+ 25. Rxg1+ Kh8 26. Bf3 b6 27.
Nc4 Rg8 28. Bg2 Bf6 29. Ne3 Be6 30. a3 Bg5 31. Nc2 Bb3 32. Nd4 Ba4 33. Re1 e5
34. Nf5 Rd8 35. Bd5 f6 36. b3 Be8 37. Rd1 Bg6 38. Ne7 Re8 39. Nc6 e4 40. Bc4 e3
41. Be2 f5 42. Rxd6 f4 43. Nd4 Be7 44. Re6 Bxa3 45. Rxe8+ Bxe8 46. Ne6 Bc6+ 47.
Kg1 f3 48. Bd3 Bd5 49. Nd4 Bc1 50. c4 Ba8 51. Bf5 Bd2 52. Nc2 h6 53. Bd3 Kg7
54. Bf5 Kf6 55. Bd3 Kg5 56. Bh7 Kh4 57. Bf5 Kg5 58. Bd3 Kf4 59. Bg6 Be4 60. Be8
0-1

[Event "DEM U10/U10w 2010"]
[Site "Oberhof GER"]
[Date "2010.05.29"]
[Round "11"]
[White "Niermann, Tristan"]
[Black "Fieberg, Samuel"]
[Result "0-1"]
[Termination "normal"]
[Board "17"]
[WhiteElo "1199"]
[BlackElo "1305"]
[PlyCount "72"]
[WhiteFideId "12990698"]
[BlackFideId "12901717"]
[EventCountry "GER"]
[EventRounds "11"]
[EventType "swiss"]
[EventDate "2010.05.22"]

1. e4 b6 2. d4 Bb7 3. Bd3 e6 4. Nc3 Bb4 5. Bd2 Nf6 6. Bg5 h6 7. Bh4 g5 8. Bg3
Bxc3+ 9. bxc3 Nxe4 10. Qf3 Nxg3 11. Qxb7 Nc6 12. fxg3 a5 13. Be4 Ra7 14. Bxc6
Rxb7 15. Bxb7 c6 16. Ba6 b5 17. c4 Qa8 18. Rb1 Qxa6 19. a4 b4 20. c5 Qc4 21.
Nf3 Qc3+ 22. Kd1 O-O 23. Kc1 Qe3+ 24. Kd1 Qe4 25. Re1 Qg4 26. Kd2 f6 27. Kd3
Qf5+ 28. Re4 Rd8 29. g4 Qg6 30. Rbe1 d5 31. cxd6 Rxd6 32. g3 c5 33. Kc4 Qf7 34.
Kb5 Qd7+ 35. Kxa5 Qc6 36. d5 Qa6# 0-1

[Event "DEM U10/U10w 2010"]
[Site "Oberhof GER"]
[Date "2010.05.29"]
[Round "11"]
[White "Kirn, Niklas Johann"]
[Black "Petersen, Marcel"]
[Result "1-0"]
[Termination "normal"]
[Board "18"]
[WhiteElo "1188"]
[BlackElo "1292"]
[PlyCount "53"]
[WhiteFideId "12910899"]
[BlackFideId "12935670"]
[EventCountry "GER"]
[EventRounds "11"]
[EventType "swiss"]
[EventDate "2010.05.22"]

1. e4 c5 2. Nf3 d6 3. d4 cxd4 4. Nxd4 g6 5. Nc3 Nf6 6. Be3 Ng4 7. Bd2 Qb6 8.
Be3 Nxe3 9. fxe3 Qxb2 10. Ncb5 Kd8 11. a3 f6 12. Rb1 Qa2 13. Rb3 e5 14. Nc3
Qxb3 15. Nxb3 Nc6 16. Qd5 a6 17. Na5 Bd7 18. Nxb7+ Kc7 19. Na5 Be7 20. Nxc6
Bxc6 21. Qf7 Kd7 22. Nd5 Bxd5 23. exd5 Raf8 24. Qe6+ Kd8 25. Bxa6 Kc7 26. Qxe7+
Kb6 27. Qb7+ 1-0

[Event "DEM U10/U10w 2010"]
[Site "Oberhof GER"]
[Date "2010.05.29"]
[Round "11"]
[White "Kasel, Mario"]
[Black "Ramien, David"]
[Result "1-0"]
[Termination "normal"]
[Board "19"]
[WhiteElo "1285"]
[BlackElo "1172"]
[PlyCount "41"]
[WhiteFideId "24660957"]
[BlackFideId "12948241"]
[EventCountry "GER"]
[EventRounds "11"]
[EventType "swiss"]
[EventDate "2010.05.22"]

1. e4 e5 2. Nf3 Nc6 3. Bc4 Be7 4. Nc3 Nf6 5. O-O d6 6. h3 O-O 7. d3 Re8 8. Be3
Nb8 9. Bb3 Nbd7 10. Bxf7+ Kf8 11. Bxe8 Qxe8 12. Re1 Nb6 13. b3 d5 14. exd5 Bb4
15. Bd2 Qh5 16. Nxe5 Qh4 17. Qf3 Bxc3 18. Bxc3 Nbxd5 19. Bb2 Nb4 20. Re4 Qg5
21. Rxb4 1-0

[Event "DEM U10/U10w 2010"]
[Site "Oberhof GER"]
[Date "2010.05.29"]
[Round "11"]
[White "Urban, Konstantin"]
[Black "Schröder, Janina"]
[Result "1/2-1/2"]
[Termination "normal"]
[Board "20"]
[WhiteElo "1241"]
[BlackElo "1042"]
[PlyCount "142"]
[WhiteFideId "12927511"]
[BlackFideId "24693138"]
[EventCountry "GER"]
[EventRounds "11"]
[EventType "swiss"]
[EventDate "2010.05.22"]

1. e4 e5 2. Nf3 Nc6 3. Bc4 Be7 4. c3 Nf6 5. d3 O-O 6. O-O h6 7. h3 Kh8 8. Be3
Ng8 9. b4 d6 10. Nbd2 f5 11. Nb3 Nf6 12. exf5 Bxf5 13. Nh4 Bh7 14. Qd2 Ng8 15.
Nf3 Nf6 16. Nc1 e4 17. Nd4 Nxd4 18. Bxd4 d5 19. Bb3 a6 20. f3 Rc8 21. fxe4 dxe4
22. Be6 Ra8 23. a3 Qd6 24. Bb3 b6 25. Bc4 c5 26. bxc5 bxc5 27. Be3 Rfd8 28. d4
cxd4 29. Bxd4 Rdc8 30. Bb3 Bd8 31. Qf4 Qxf4 32. Rxf4 e3 33. Kf1 Bg6 34. Ke2 Ba5
35. c4 Re8 36. Ra2 Bb1 37. Rb2 Bh7 38. c5 Bg6 39. Ba4 Re6 40. c6 Rc8 41. Ba7
Nd5 42. Rc4 Ne7 43. Rb8 Kg8 44. Rc5 Bd2 45. Bb3 Bf7 46. Bxe6 Bxe6 47. Rxc8+
Nxc8 48. Bb8 Kf7 49. Bf4 Ke7 50. g4 h5 51. Bxe3 Bxe3 52. Kxe3 hxg4 53. hxg4
Bxg4 54. Rg5 Be6 55. Rxg7+ Kd6 56. Ne2 Ba2 57. Nd4 Bd5 58. Rd7+ Kc5 59. Rd8 Nd6
60. c7 Bb7 61. Nb3+ Kc6 62. Na5+ Kxc7 63. Rxd6 Kxd6 64. Nxb7+ Kc6 65. Na5+ Kb5
66. Kd3 Kxa5 67. Kc3 Kb5 68. Kb3 a5 69. a4+ Kc5 70. Kc3 Kd5 71. Kd3 Kc5 1/2-1/2

[Event "DEM U10/U10w 2010"]
[Site "Oberhof GER"]
[Date "2010.05.29"]
[Round "11"]
[White "Tong, Kevin"]
[Black "Vogel, Roven"]
[Result "0-1"]
[Termination "normal"]
[Board "21"]
[WhiteElo "1117"]
[BlackElo "1480"]
[PlyCount "94"]
[WhiteFideId "12913944"]
[BlackFideId "12908088"]
[EventCountry "GER"]
[EventRounds "11"]
[EventType "swiss"]
[EventDate "2010.05.22"]

1. e4 d6 2. d4 Nf6 3. Bd3 g6 4. h3 Bg7 5. Nf3 Nbd7 6. O-O O-O 7. Nbd2 c5 8. c3
a6 9. a4 Qc7 10. Re1 b6 11. Nf1 Bb7 12. Ng3 Rfc8 13. Be3 Kh8 14. Rc1 c4 15. Bc2
b5 16. axb5 axb5 17. Qd2 Kg8 18. Ra1 Ra5 19. Ne2 Nxe4 20. Qc1 Nef6 21. Nh2 Rca8
22. Rxa5 Rxa5 23. Nf4 Qc6 24. Nf3 h5 25. Ne2 Nh7 26. Ng3 Ndf6 27. Bd2 e6 28.
Be3 Bc8 29. Bd2 Nd5 30. Ne4 Ra7 31. Bh6 Ne7 32. Bxg7 Kxg7 33. Qd2 Nf5 34. Qc1
Qd7 35. Qd2 Bb7 36. Qc1 Bxe4 37. Bxe4 Nf6 38. Bxf5 exf5 39. Qe3 Ra2 40. Re2 Ne4
41. Kh2 Qc7 42. Kg1 Ra1+ 43. Re1 Qa7 44. Kh2 Rxe1 45. Qxe1 Qa2 46. Qe2 Qb1 47.
g3 Qd3 0-1

[Event "DEM U10/U10w 2010"]
[Site "Oberhof GER"]
[Date "2010.05.29"]
[Round "11"]
[White "Gauchel, Lorenz"]
[Black "Nothnagel, Marian Can"]
[Result "1-0"]
[Termination "normal"]
[Board "22"]
[WhiteElo "1451"]
[BlackElo "1211"]
[PlyCount "139"]
[WhiteFideId "12905283"]
[BlackFideId "12921530"]
[EventCountry "GER"]
[EventRounds "11"]
[EventType "swiss"]
[EventDate "2010.05.22"]

1. d4 d6 2. Bf4 Nd7 3. e3 g6 4. Nf3 Bg7 5. h3 Ngf6 6. Be2 O-O 7. O-O Re8 8. a4
Nh5 9. Bh2 b6 10. Nbd2 Bb7 11. a5 bxa5 12. Nc4 Nb6 13. Nxa5 Qc8 14. Nxb7 Qxb7
15. Qd2 f5 16. Ng5 Nf6 17. Ne6 Ne4 18. Qd1 Kf7 19. Nxg7 Kxg7 20. Bf3 e5 21.
dxe5 dxe5 22. Qd3 Qd5 23. Bxe4 fxe4 24. Qxd5 Nxd5 25. Rfd1 Nb6 26. Ra5 Nc4 27.
Rc5 Nxb2 28. Rd7+ Kg8 29. Rcxc7 Red8 30. g4 Rxd7 31. Rxd7 a5 32. Bxe5 Nc4 33.
Bd4 a4 34. Ra7 Rxa7 35. Bxa7 a3 36. Bd4 Kf7 37. Kf1 Ke6 38. Ke1 Kd5 39. Kd1 Kc6
40. Kc1 Kb5 41. Kb1 Ka4 42. Ka2 Nd2 43. Bc5 Nf1 44. Bxa3 Nd2 45. Bc5 Nf3 46.
Kb2 Ng1 47. h4 Nh3 48. Kc3 Nxf2 49. g5 Kb5 50. Bd6 Kc6 51. Bg3 Nh1 52. Be1 Kc5
53. Kb3 Kd5 54. Kb4 Ke5 55. Kb5 Kf5 56. c4 Kg4 57. c5 Kf3 58. c6 Kxe3 59. c7
Ke2 60. Bb4 Ng3 61. c8=Q Nf5 62. Qc4+ Kf3 63. Qg8 Nxh4 64. Qxh7 Kg4 65. Bd2 Nf3
66. Bc1 Nd4+ 67. Kc4 Ne2 68. Qxg6 Nxc1 69. Qxe4+ Kxg5 70. Qe3+ 1-0

[Event "DEM U10/U10w 2010"]
[Site "Oberhof GER"]
[Date "2010.05.29"]
[Round "11"]
[White "Walker, Julia"]
[Black "Dallinger, Moritz"]
[Result "1-0"]
[Termination "normal"]
[Board "23"]
[WhiteElo "1145"]
[BlackElo "1418"]
[PlyCount "91"]
[WhiteFideId "1271852"]
[BlackFideId "12910864"]
[EventCountry "GER"]
[EventRounds "11"]
[EventType "swiss"]
[EventDate "2010.05.22"]

1. e4 c5 2. c3 Nf6 3. e5 Nd5 4. d4 cxd4 5. Nf3 Nc6 6. cxd4 d6 7. Bc4 Nb6 8. Bb5
dxe5 9. Nxe5 Bd7 10. Nxd7 Qxd7 11. O-O g6 12. Nc3 Bg7 13. d5 a6 14. dxc6 Qxd1
15. cxb7+ axb5 16. bxa8=Q+ Nxa8 17. Rxd1 b4 18. Nd5 e6 19. Nxb4 Nb6 20. Nc6 f6
21. Rd8+ Kf7 22. Rxh8 Bxh8 23. Be3 Nc4 24. b3 Na3 25. Rd1 Bg7 26. Rd7+ Kg8 27.
Nd4 e5 28. Ne6 Bf8 29. Nxf8 Kxf8 30. Bc5+ Ke8 31. Re7+ Kd8 32. Bxa3 e4 33. Rxe4
Kd7 34. Kf1 Kc6 35. Re6+ Kd5 36. Rxf6 Kd4 37. Ke2 Kc3 38. Ke3 Kc2 39. Rc6+ Kb1
40. b4 Kxa2 41. b5 Kxa3 42. b6 Ka4 43. b7 Kb5 44. Rc7 g5 45. b8=Q+ Ka4 46. Ra7#
1-0

[Event "DEM U10/U10w 2010"]
[Site "Oberhof GER"]
[Date "2010.05.29"]
[Round "11"]
[White "Herbrig, Alexander"]
[Black "Rößler, Linus Benedict"]
[Result "1-0"]
[Termination "normal"]
[Board "24"]
[WhiteElo "1270"]
[BlackElo "1105"]
[PlyCount "89"]
[WhiteFideId "12952044"]
[BlackFideId "12921076"]
[EventCountry "GER"]
[EventRounds "11"]
[EventType "swiss"]
[EventDate "2010.05.22"]

1. e4 c5 2. Nf3 Nc6 3. d4 cxd4 4. Nxd4 g6 5. Nc3 Bg7 6. Be3 Nf6 7. f3 O-O 8.
Qd2 d5 9. Bd3 dxe4 10. Bxe4 Nxe4 11. Nxc6 Qxd2+ 12. Bxd2 bxc6 13. fxe4 Ba6 14.
g4 Bb7 15. Ke2 c5 16. Kf3 Rfd8 17. Be3 c4 18. h4 Kf8 19. h5 f6 20. hxg6 hxg6
21. Bh6 Kf7 22. Rh2 Rh8 23. Rah1 Rxh6 24. Rxh6 Bxh6 25. Rxh6 Kg7 26. Rh1 Rh8
27. Rxh8 Kxh8 28. Nd5 Bxd5 29. exd5 Kh7 30. Kf4 Kh6 31. b3 cxb3 32. axb3 Kg7
33. c4 Kf7 34. b4 e6 35. d6 Ke8 36. c5 Kd7 37. b5 g5+ 38. Ke4 e5 39. Kd5 Kd8
40. c6 Kc8 41. Ke6 e4 42. d7+ Kc7 43. Ke7 Kb6 44. d8=Q+ Kc5 45. c7 1-0

[Event "DEM U10/U10w 2010"]
[Site "Oberhof GER"]
[Date "2010.05.29"]
[Round "11"]
[White "Tsoumanis, Neoptolemos"]
[Black "Kololli, Martin"]
[Result "0-1"]
[Termination "normal"]
[Board "25"]
[WhiteElo "1105"]
[BlackElo "1251"]
[PlyCount "84"]
[BlackFideId "12936910"]
[EventCountry "GER"]
[EventRounds "11"]
[EventType "swiss"]
[EventDate "2010.05.22"]

1. e4 e5 2. Nf3 Nc6 3. Nc3 Nf6 4. d4 exd4 5. Nxd4 Bb4 6. Nxc6 dxc6 7. Qxd8+
Kxd8 8. Bd2 Re8 9. f3 Be6 10. O-O-O Ke7 11. a3 Bxc3 12. Bxc3 Rad8 13. Be2 Rg8
14. e5 Nd5 15. Bd4 b6 16. Rd2 Nf4 17. Re1 Nxg2 18. Rg1 Nf4 19. Re1 c5 20. Bc3
Nxe2+ 21. Rdxe2 Rd7 22. Rd2 Rgd8 23. Red1 Rxd2 24. Bxd2 Rd5 25. f4 Bf5 26. h4
h5 27. Re1 Ke6 28. a4 a5 29. c3 Rd3 30. b4 cxb4 31. cxb4 axb4 32. Bxb4 c5 33.
Bd2 Rh3 34. a5 bxa5 35. Bxa5 Rxh4 36. Rf1 c4 37. Kd2 Bd3 38. Rf2 Kf5 39. Ke3
Rg4 40. Bd2 h4 41. Rf3 Rg2 42. Rh3 Re2+ 0-1